Questions aléatoires de géographie - 11 - Statistiques

Statistiques générales
  • Ce quiz a été pris 110 fois
    104 depuis la dernière actualisation
  • Le résultat moyen est 8 sur 15
Statistiques - réponses
Indice Réponse % Correct
Quelle île célèbre de San Francisco sert de prison fédérale ? Alcatraz
75%
Comment appelle-t-on les habitants d'Angers ? les angevins
72%
Quel pays insulaire africain eut Ranavalona III pour dernière Reine ? Madagascar
67%
Quelle péninsule égyptienne est géographiquement située en Asie, à l'Est du canal de Suez ? le Sinaï
59%
Quel peuple indigène de Nouvelle-Calédonie a récemment voté pour son indépendance ? le peuple kanak | le peuple canaque
56%
Quel paradis fiscal d'Amérique centrale se trouve au sud de la péninsule du Yucatán ? le Bélize
55%
Quel pays, autre que Chypre et la Turquie, est présent sur l'île de Chypres et possède un protectorat ? le Royaume-Uni
53%
Quel pays, bordant le détroit de Bab-el-Mandeb, comporte des bases militaires françaises pour protéger le commerce maritime ? Djibouti
48%
Quelle capitale d'un état australien est la plus occidentale ? Perth
48%
Quelle est la capitale la plus septentrionale du monde ? Reykjavik
48%
Quelle est la plus haute montagne d'Europe ? le mont Elbrouz
47%
Quelle île a Formose pour autre nom ? Taïwan
39%
Quelle région montagneuse d'Asie est le théâtre de conflits opposants, l'Inde, la Chine et le Pakistan pour son contrôle ? le Cachemire
33%
Quelle est la plus grande ville d'Alaska ? Anchorage
31%
Quel est le pays le plus proche de l'île Sainte-Hélène ? l Angola
25%
Aucun quiz correspondant
Distribution des résultats
% des personnes avec chaque résultat
Percentile par nombre de réponses
Votre historique - résultats
Vous n’avez pas pris ce quiz depuis la dernière actualisation